| 000 | 00719nam a22002177a 4500 | ||
|---|---|---|---|
| 005 | 20150602113014.0 | ||
| 008 | 140714b xxu||||| |||| 00| 0 Urdu d | ||
| 010 | _aUR-8989 | ||
| 020 | _c150.00 | ||
| 035 | _aU-7544 | ||
| 037 | _bBPPD/Pub/Ven | ||
| 040 |
_aDPL _bUrdu |
||
| 082 | _a841 | ||
| 100 | _aسر ا ج د ھلو ی"او پی ا گر و ا ل" | ||
| 245 |
_aو فا پيکر _cسر ا ج د ھلو ی"او پی ا گر و ا ل" |
||
| 246 | h |
_aWafa Piker _bby Siraj Dehlvi(O.P.Agarwal) |
|
| 260 |
_bGulistan Publications _c2012 _aKolkata |
||
| 270 |
_a67-Moulana Shoukat Ali Street, _bKolkata _k9831285325 _e700073 |
||
| 300 |
_a160ص _c22Cm (Hb) |
||
| 942 |
_2ddc _cUR _e _h841 _mس ر ا |
||
| 999 |
_c94041 _d94041 |
||